Le Jeux des 7 familles… de célébrités - Statistiques

Statistiques générales
  • Ce quiz a été pris 4 433 fois
  • Le résultat moyen est 21 sur 44
Statistiques - réponses
Famille Nom % Correct
Kennedy John F. Kennedy
97%
Hallyday Johnny Hallyday
95%
Kardashian Kim Kardashian
94%
Depp Johnny Depp
93%
Presley Elvis Presley
83%
Gainsbourg Serge Gainsbourg
81%
Collins Lily Collins
78%
Depp Vanessa Paradis
75%
Kardashian Kylie Jenner
73%
Depp Lily-Rose Depp
73%
McCartney Paul McCartney
73%
Gainsbourg Charlotte Gainsbourg
72%
Dutronc Jacques Dutronc
71%
Kardashian Kendall Jenner
69%
Hallyday David Hallyday
65%
Kardashian Khloé Kardashian
65%
Gainsbourg Jane Birkin
60%
Fonda Jane Fonda
60%
Kardashian Kourtney Kardashian
59%
Kardashian Kris Jenner
57%
Collins Phil Collins
53%
Hallyday Laeticia Hallyday
51%
Dutronc Thomas Dutronc
50%
Hallyday Laura Smet
48%
Hallyday Jade et Joy
46%
Kardashian Rob Kardashian
42%
Hallyday Sylvie Vartan
39%
Fonda Henry Fonda
31%
Kennedy Jackie Kennedy
31%
Dutronc Françoise Hardy
30%
Hallyday Nathalie Baye
28%
Mastroianni Chiara Mastroianni
26%
Presley Priscilla Presley
23%
Mastroianni Catherine Deneuve
22%
Kennedy Robert Kennedy
21%
McCartney Stella McCartney
19%
Gainsbourg Yvan Attal
19%
Presley Lisa-Marie Presley
16%
Mastroianni Marcelo Mastroianni
15%
Fonda Peter Fonda
12%
McCartney James McCartney
9%
McCartney Linda McCartney
9%
McCartney Mary McCartney
8%
McCartney Heather McCartney
3%
Aucun quiz correspondant
Distribution des résultats
% des personnes avec chaque résultat
Percentile par nombre de réponses
Votre historique - résultats
Vous n’avez pas pris ce quiz